[Event "Hamburg-ch Seniors 65+ op 26th"]
[Site "Hamburg"]
[Date "2019.11.12"]
[Round "2"]
[White "Neldner, Frank"]
[Black "Springer, Wolfgang Wilhelm"]
[Result "1-0"]
[WhiteElo "1510"]
[BlackElo "1402"]
[PlyCount "75"]
[EventDate "2019.11.11"]
[EventType "swiss"]
[EventRounds "9"]
[EventCountry "GER"]
[SourceTitle "EXT 2022"]
[Source "ChessBase"]
[SourceDate "2021.10.06"]
[SourceVersion "1"]
[SourceVersionDate "2021.10.06"]
[SourceQuality "1"]

1. e4 e5 2. Nf3 Nf6 3. d4 Nxe4 4. Nxe5 d6 5. Nf3 d5 6. Bd3 Be7 7. Nbd2 Nxd2 8. Bxd2 0-0 9. h3 Nd7 10. 0-0 Nf6 11. Re1 Be6 12. Ng5 Qd7 13. Qe2 Rae8 14. Nxe6 Qxe6 15. Qxe6 fxe6 16. Rxe6 Bd6 17. Rxe8 Rxe8 18. a4 c5 19. dxc5 Bxc5 20. b4 Bd6 21. c3 Rf8 22. Be3 b6 23. a5 Ne4 24. Bxe4 dxe4 25. axb6 axb6 26. Bxb6 Rc8 27. Bd4 Kf7 28. Ra7+ Rc7 29. b5 Rxa7 30. Bxa7 Ke8 31. b6 Bc5 32. Kf1 Kd7 33. Ke2 Kc6 34. g4 g5 35. Bb8 Bxb6 36. Be5 Bc7 37. Bxc7 Kxc7 38. Ke3 1-0

[Event "Hamburg-ch B-Klasse"]
[Site "Hamburg"]
[Date "2015.05.24"]
[Round "2"]
[White "Neldner, Frank"]
[Black "Krueger, Dietrich"]
[Result "1-0"]
[WhiteElo "1554"]
[BlackElo "1341"]
[PlyCount "101"]
[EventDate "2015.05.23"]
[EventType "tourn"]
[EventRounds "7"]
[EventCountry "GER"]
[SourceTitle "EXT 2022"]
[Source "ChessBase"]
[SourceDate "2021.10.06"]
[SourceVersion "1"]
[SourceVersionDate "2021.10.06"]
[SourceQuality "1"]

1. e4 c5 2. Nc3 a6 3. f4 Nc6 4. Nf3 d6 5. Be2 e5 6. fxe5 dxe5 7. 0-0 Nf6 8. d3 h5 9. Qe1 h4 10. Nxh4 Nd4 11. Nf3 Nxc2 12. Qd1 Nxa1 13. Be3 Ng4 14. Bd2 Qb6 15. Nd5 Qc6 16. h3 Nf6 17. Nxe5 Qd6 18. Nc4 Qd8 19. Nxf6+ gxf6 20. Qxa1 Be6 21. Qc1 Rg8 22. Rf3 Be7 23. b3 b5 24. Ne3 Qd7 25. Kf2 0-0-0 26. Qh1 c4 27. bxc4 bxc4 28. Qc1 Qc7 29. Nxc4 Bc5+ 30. Be3 Bxe3+ 31. Rxe3 Rg5 32. Qc3 Rc5 33. d4 Rxc4 34. Bxc4 Qxc4 35. Qxc4+ Bxc4 36. Rc3 Rxd4 37. Ke3 Rd6 38. Rxc4+ Kd7 39. Rd4 Ke6 40. Rxd6+ Kxd6 41. h4 Ke5 42. g4 Ke6 43. Kf4 Ke7 44. Kf5 a5 45. h5 Kf8 46. Kxf6 Kg8 47. h6 Kh7 48. Kxf7 Kxh6 49. e5 Kg5 50. e6 Kxg4 51. e7 1-0

[Event "Hamburg-ch B-Klasse"]
[Site "Hamburg"]
[Date "2015.05.23"]
[Round "1"]
[White "Fuhrmann, Philipp"]
[Black "Neldner, Frank"]
[Result "0-1"]
[WhiteElo "1072"]
[BlackElo "1554"]
[PlyCount "64"]
[EventDate "2015.05.23"]
[EventType "tourn"]
[EventRounds "7"]
[EventCountry "GER"]
[SourceTitle "EXT 2022"]
[Source "ChessBase"]
[SourceDate "2021.10.06"]
[SourceVersion "1"]
[SourceVersionDate "2021.10.06"]
[SourceQuality "1"]

1. e4 e5 2. Nf3 Nc6 3. Bb5 a6 4. Ba4 Nf6 5. d3 b5 6. Bb3 Bc5 7. Bg5 0-0 8. Nbd2 h6 9. Bh4 Re8 10. 0-0 Na5 11. Bd5 c6 12. Bb3 Nxb3 13. Nxb3 Bb6 14. Re1 d6 15. h3 d5 16. exd5 cxd5 17. Rxe5 Rxe5 18. Nxe5 Qd6 19. Bg3 Nd7 20. Qe2 f6 21. Ng6 Qxg3 22. Ne7+ Kf7 23. Nxd5 Qd6 24. Qh5+ g6 25. Qf3 Ne5 26. Qf4 Qxd5 27. Qxh6 Bb7 28. Kf1 Qxg2+ 29. Ke1 Qxf2+ 30. Kd1 Bf3+ 31. Kc1 Be3+ 32. Qxe3 Qxe3+ 0-1